Les "Paris" du monde - Statistiques

Statistiques générales
  • Ce quiz a été pris 6 fois
  • Le résultat moyen est 11 sur 32
Statistiques - réponses
Hint Indices Réponse % Correct
Pays Stockholm Suède
80%
Divisions d'Etat Etats-Unis / Austin Texas
60%
Divisions d'Etat Etats-Unis / Little Rock Arkansas
40%
Divisions d'Etat Etats-Unis / Boise Idaho
40%
Divisions d'Etat Etats-Unis / Springfield Illinois
40%
Divisions d'Etat Etats-Unis / Indianapolis Indiana
40%
Divisions d'Etat Etats-Unis / Des Moines Iowa
40%
Divisions d'Etat Etats-Unis / Frankfort Kentucky
40%
Divisions d'Etat Etats-Unis / Augusta Maine
40%
Divisions d'Etat Etats-Unis / Lansing Michigan
40%
Divisions d'Etat Etats-Unis / Jackson Mississippi
40%
Divisions d'Etat Etats-Unis / Jefferson City Missouri
40%
Divisions d'Etat Etats-Unis / Albany New York
40%
Divisions d'Etat Etats-Unis / Columbus Ohio
40%
Divisions d'Etat Canada / Toronto Ontario
40%
Divisions d'Etat Etats-Unis / Salem Oregon
40%
Divisions d'Etat France / Le Touquet-Paris plage / Arras Pas-de-Calais
40%
Divisions d'Etat Etats-Unis / Harrisburg Pennsylvanie
40%
Pays Tcheliabinsk Russie
40%
Divisions d'Etat France / Paris-l'hôpital / Mâcon Saône-et-Loire
40%
Divisions d'Etat Etats-Unis / Nashville Tennessee
40%
Divisions d'Etat Etats-Unis / Richmond Virginie
40%
Divisions d'Etat Etats-Unis / Madison Wisconsin
40%
Divisions d'Etat Canada / Whitehorse Yukon
40%
Pays Moyen-Ogooué Gabon
20%
Pays Bachkirie Russie
20%
Divisions d'Etat Etats-Unis / Paris Township / Dakota-du-Nord
0%
Pays Lemvig Danemark
0%
Divisions d'Etat Etats-Unis / Paris Township / Kansas
0%
Pays Christmas Kiribati
0%
Pays Parita Panama
0%
Pays Boudjak Ukraine
0%
Aucun quiz correspondant
Distribution des résultats
% des personnes avec chaque résultat
Percentile par nombre de réponses
Votre historique - résultats
Vous n’avez pas pris ce quiz